Footballers les mieux payés. - Statistiques

Statistiques générales
  • Ce quiz a été pris 71 fois
  • Le résultat moyen est 7 sur 10
Statistiques - réponses
Hint Réponse % Correct
280 M$ Cristiano Ronaldo
100%
95 M$ Kylian Mbappé
100%
130 M$ Lionel Messi
97%
80 M$ Erling Haaland
78%
60 M$ Vinicius Jr.
74%
104 M$ Karim Benzema
71%
43 M$ Lamine Yamal
66%
44 M$ Jude Bellingham
52%
55 M$ Mohamed Salah
48%
54 M$ Sadio Mané
46%
Aucun quiz correspondant
Distribution des résultats
% des personnes avec chaque résultat
Percentile par nombre de réponses
Votre historique - résultats
Vous n’avez pas pris ce quiz